| 000 | 00932nam a22003137a 4500 | ||
|---|---|---|---|
| 001 | 0001007 | ||
| 003 | KOHA_MİRAKIL | ||
| 005 | 20260207001227.0 | ||
| 007 | ta | ||
| 008 | 081212b2006 tu |||gr||||#0|||0|tur | | ||
| 020 |
_a9759226790 _cYTL44,89 |
||
| 040 |
_aTR-BiSEU _btur _cTR-BiSEU _erda |
||
| 041 | 0 | _atur | |
| 044 | _ctu | ||
| 050 |
_aQA76.76.O63 _bI53 2006 |
||
| 100 | 1 | _aİnan, Yüksel. | |
| 245 | 1 |
_aWindows Server 2003 ve XP sistem mühendislik/ _cYüksel İnan ; Yüksel İnan. |
|
| 250 | _a4. Baskı | ||
| 264 | 1 |
_aAnkara : _bPalme Yayıncılık _c2006 |
|
| 300 |
_a1052 sayfa ; _c24 cm. |
||
| 336 |
_ametin _btxt _2rdacontent |
||
| 337 |
_aaracısız _bn _2rdamedia |
||
| 338 |
_acilt _bnc _2rdacarrier |
||
| 650 | 0 |
_aİşletim sistemleri (Bilgisayarlar). _93130 |
|
| 650 | 0 |
_aMicrosoft Windows Server. _93732 |
|
| 650 | 0 |
_aOperating systems (Computers). _91611 |
|
| 907 | _aBilgisayar | ||
| 942 |
_2lcc _cBK |
||
| 999 |
_c1002 _d1002 |
||